Divorce & money : make the best financial ... Read More
Available copies
- 1 of 1 copy available at LARL/NWRL Consortium.
- 1 of 1 copy available at Lake Agassiz Regional Library. (Show preferred library)
Current holds
0 current holds with 1 total copy.
Show Only Available Copies
| Location | Call Number / Copy Notes | Barcode | Shelving Location | Status | Due Date |
|---|---|---|---|---|---|
| Moorhead Public Library | 346.7301 WOO (Text) | 33500013182050 | Main | Available | - |
Record details
- ISBN: 1413326986
- ISBN: 9781413326987
- Physical Description: 522 pages ; 23 cm
- Edition: 13th edition.
- Publisher: Berkeley, California : Nolo, 2020.
- Copyright: ©2019
Content descriptions
| General Note: | "Includes worksheets to help you track your finances."--Cover. |
| Bibliography, etc. Note: | Includes bibliographical references and index. |
| Formatted Contents Note: | Introduction: Your financial companion during ... Read More |
| Summary, etc.: | All the information you need to split your assets, ... Read More |
Search for related items by subject
| Genre: | Popular works. Law for laypersons. Self-help publications. |
| LDR | 03653cam a2200481Ii 4500 | ||
|---|---|---|---|
| 001 | 319403 | ||
| 003 | LARL_NWRL_CONSORTIUM | ||
| 005 | 20200103180138.0 | ||
| 008 | 190916t20202019cau b 001 0 eng d | ||
| 040 | . | ‡aYDX ‡beng ‡erda ‡cYDX ‡dOCLCQ ‡dZJF ‡dOQX ‡dMSL ‡dCDL ‡dNYP ‡dBKL ‡dJQW | |
| 020 | . | ‡a1413326986 ‡q(paperback) | |
| 020 | . | ‡a9781413326987 ‡q(paperback) | |
| 035 | . | ‡a(OCoLC)1119629170 | |
| 043 | . | ‡an-us--- | |
| 082 | 0 | 4. | ‡a346.7301/664 ‡223 |
| 100 | 1 | . | ‡aWoodhouse, Violet, ‡d1948- ‡eauthor. |
| 245 | 1 | 0. | ‡aDivorce & money : ‡bmake the best financial decisions during divorce / ‡cAttorneys Violet Woodhouse, CFLS, CFP & Lina Guillen. |
| 246 | 3 | . | ‡aDivorce and money |
| 250 | . | ‡a13th edition. | |
| 264 | 1. | ‡aBerkeley, California : ‡bNolo, ‡c2020. | |
| 264 | 4. | ‡c©2019 | |
| 300 | . | ‡a522 pages ; ‡c23 cm | |
| 336 | . | ‡atext ‡btxt ‡2rdacontent | |
| 337 | . | ‡aunmediated ‡bn ‡2rdamedia | |
| 338 | . | ‡avolume ‡bnc ‡2rdacarrier | |
| 500 | . | ‡a"Includes worksheets to help you track your finances."--Cover. | |
| 504 | . | ‡aIncludes bibliographical references and index. | |
| 505 | 0 | . | ‡aIntroduction: Your financial companion during divorce -- Legal vs. financial realities of divorce -- Financial realities no one talks about -- Emotional divorce : managing the "money crazies" -- The hardest part : is my marriage really over? -- The separation : what happens when one spouse moves out? -- Closing the books : what do we do with joint property? -- Getting help : whom can I turn to? -- Financial fact-finding : what must I know and when must I know it? -- Facing the future : what must I plan for? -- Protecting against risks to life, health, and property -- Taxes : how do I file and pay? -- Property and expenses : who owns and who owes what? -- What will happen to the house? -- Retirement benefits : who gets what? -- Financial investments : how do we divide the portfolio pie? -- Evaluating employee benefits and stock options -- How will we divide debts? -- Child support or alimony : what might I pay or receive? -- Negotiating and finalizing the best possible settlement -- After the divorce : how do I get from "we" to "me"? |
| 520 | . | ‡aAll the information you need to split your assets, easily and fairly. Major financial decisions are often overwhelming, but they can feel downright impossible when you're in the midst of a divorce. Turn to Divorce & Money, the acclaimed guide that translates complex financial concepts into plain language to help you: create a cash flow statement using your income and expenses, uncover your spouse's financial information, determine the value of real estate, retirement accounts, and other assets, understand how child support and alimony are calculated, divide your property and debts fairly, negotiate a comprehensive settlement, achieve financial stability after divorce, and learn when and how to talk to a professional (attorney, tax adviser, or appraiser). | |
| 650 | 0. | ‡aMarital property ‡xValuation ‡zUnited States ‡vPopular works. | |
| 650 | 0. | ‡aDivorce settlements ‡zUnited States ‡vPopular works. ‡0(LARL_NWRL_CONSORTIUM)171950 | |
| 650 | 0. | ‡aDivorce ‡xLaw and legislation ‡zUnited States ‡vPopular works. ‡0(LARL_NWRL_CONSORTIUM)164634 | |
| 650 | 7. | ‡aDivorce ‡xLaw and legislation. ‡2fast ‡0(LARL_NWRL_CONSORTIUM)18646 | |
| 650 | 7. | ‡aDivorce settlements. ‡2fast ‡0(LARL_NWRL_CONSORTIUM)18650 | |
| 650 | 7. | ‡aMarital property ‡xValuation. ‡2fast | |
| 651 | 7. | ‡aUnited States. ‡2fast ‡0(LARL_NWRL_CONSORTIUM)178480 | |
| 655 | 7. | ‡aPopular works. ‡2fast | |
| 655 | 7. | ‡aLaw for laypersons. ‡2lcgft | |
| 655 | 7. | ‡aSelf-help publications. ‡2lcgft | |
| 700 | 1 | . | ‡aGuillen, Lina, ‡eauthor. |
| 901 | . | ‡a319403 ‡bOCoLC ‡c319403 ‡tbiblio ‡soclc | |

Add to basket
Permalink
Disable Highlighting